Beato Angelico: 1387-1455
محفوظ في:
| المؤلف الرئيسي: | |
|---|---|
| التنسيق: | كتاب |
| اللغة: | الإيطالية |
| منشور في: |
Milán
Edizioni d
1953
|
| الطبعة: | 1a. ed |
| سلاسل: | Piccola Silvana, 3
|
| الموضوعات: | |
| الوسوم: |
إضافة وسم
لا توجد وسوم, كن أول من يضع وسما على هذه التسجيلة!
|
MARC
| LEADER | 00000cam a2200000 a 4500 | ||
|---|---|---|---|
| 001 | UCE1418 | ||
| 003 | CL-VaPUC | ||
| 008 | 140414e19530000it |||||||||||||||||ita|d | ||
| 082 | 0 | 4 | |a 759.03 |b DAN |2 21 |
| 100 | 0 | |a D' Ancona, Paolo |e author |9 573711 | |
| 245 | 1 | 0 | |a Beato Angelico: 1387-1455 |
| 250 | |a 1a. ed | ||
| 300 | |a 21 p | ||
| 942 | |c BK | ||
| 945 | |d 20140414 |a dcastane | ||
| 260 | |a Milán |b Edizioni d |c 1953 | ||
| 600 | 0 | 7 | |a BEATO ANGELICO |2 CL-VaPUC |9 347284 |
| 650 | 0 | |a Pintores italianos |9 265277 | |
| 650 | 0 | |a Pintura italiana |9 265293 | |
| 650 | 0 | |a Renacimiento |9 255107 | |
| 650 | 0 | |a Biografías |9 255210 | |
| 583 | |a last modification |c 20140424 10:40:17 |k Rodrigo Vera | ||
| 490 | 0 | |a Piccola Silvana, 3 | |
| 999 | |c 355205 |d 355203 | ||
| 952 | |0 0 |1 0 |3 erb |4 0 |6 759_030000000000000_DAN_1953 |7 0 |8 A |9 461755 |a BIBART |b BIBART |i 5055555 |o 759.03 DAN 1953 |p 5055555 |r 2025-03-13 |w 2019-11-23 |y BK |z Catalogado en:20140414 |k ART | ||